Bóng đá Kỹ chiến thuật và phương pháp tập luyện

Enregistré dans:
Détails bibliographiques
Auteur principal: Ma, Tuyết Điền
Format: Livre
Langue:Undetermined
Publié: Hà Nội TDTT 1999
Sujets:
Tags: Ajouter un tag
Pas de tags, Soyez le premier à ajouter un tag!
Thư viện lưu trữ: Trung tâm Học liệu Trường Đại học Cần Thơ
LEADER 00532nam a2200181Ia 4500
001 CTU_36271
008 210402s9999 xx 000 0 und d
082 |a 796.334 
082 |b Đ305 
100 |a Ma, Tuyết Điền 
245 0 |a Bóng đá 
245 0 |b Kỹ chiến thuật và phương pháp tập luyện 
245 0 |c Ma Tuyết Điền, Đặng Bình 
260 |a Hà Nội 
260 |b TDTT 
260 |c 1999 
650 |a soccer 
980 |a Trung tâm Học liệu Trường Đại học Cần Thơ